<?xml version="1.0" encoding="UTF-8"?><?xml-stylesheet type="text/xsl" href="static/style.xsl"?><OAI-PMH xmlns="http://www.openarchives.org/OAI/2.0/" xmlns:xsi="http://www.w3.org/2001/XMLSchema-instance" xsi:schemaLocation="http://www.openarchives.org/OAI/2.0/ http://www.openarchives.org/OAI/2.0/OAI-PMH.xsd"><responseDate>2026-04-14T04:06:42Z</responseDate><request verb="GetRecord" identifier="oai:www.recercat.cat:10230/27437" metadataPrefix="marc">https://recercat.cat/oai/request</request><GetRecord><record><header><identifier>oai:recercat.cat:10230/27437</identifier><datestamp>2025-12-13T21:15:45Z</datestamp><setSpec>com_2072_6</setSpec><setSpec>col_2072_452952</setSpec></header><metadata><record xmlns="http://www.loc.gov/MARC21/slim" xmlns:dcterms="http://purl.org/dc/terms/" xmlns:xsi="http://www.w3.org/2001/XMLSchema-instance" xmlns:doc="http://www.lyncode.com/xoai" xsi:schemaLocation="http://www.loc.gov/MARC21/slim http://www.loc.gov/standards/marcxml/schema/MARC21slim.xsd">
   <leader>00925njm 22002777a 4500</leader>
   <datafield ind2=" " ind1=" " tag="042">
      <subfield code="a">dc</subfield>
   </datafield>
   <datafield ind2=" " ind1=" " tag="720">
      <subfield code="a">Montoya Abat, Brauli, 1956-</subfield>
      <subfield code="e">author</subfield>
   </datafield>
   <datafield ind2=" " ind1=" " tag="720">
      <subfield code="a">Costa Carreras, Joan</subfield>
      <subfield code="e">author</subfield>
   </datafield>
   <datafield ind2=" " ind1=" " tag="720">
      <subfield code="a">Melià Seguí, Joan</subfield>
      <subfield code="e">author</subfield>
   </datafield>
   <datafield ind2=" " ind1=" " tag="720">
      <subfield code="a">Xarxa Vives d&amp;apos;Universitats</subfield>
      <subfield code="e">author</subfield>
   </datafield>
   <datafield ind2=" " ind1=" " tag="260">
      <subfield code="c">2016-10-27T15:37:47Z</subfield>
   </datafield>
   <datafield ind2=" " ind1=" " tag="260">
      <subfield code="c">2016-10-27T15:37:47Z</subfield>
   </datafield>
   <datafield ind2=" " ind1=" " tag="260">
      <subfield code="c">2014</subfield>
   </datafield>
   <datafield ind2=" " ind1=" " tag="520">
      <subfield code="a">El document que ara es presenta intenta donar resposta a la referida necessitat de les nostres societats i de les empreses i administracions que hi actuen. Es tracta d’un conjunt de reflexions i recomanacions que, a/npartir de les varietats i les solucions lingüístiques més generals, tenen com a objectiu facilitar la redacció d’una sola versió acceptable per a tots els usuaris. No es tracta ara de substituir les guies d’estil ni els manuals de/nreferència, sinó d’oferir els mínims comuns al domini lingüístic per a aconseguir un model de llengua neutre facilitador, en determinats casos, d’una única versió lingüística. Els professionals que participen en l’elaboració de/ntextos destinats a usuaris de qualsevol territori haurien de tenir en compte, Criteris lingüístics 8 per a textos corporatius de difusió general en la mesura del possible i amb el màxim respecte als criteris o al llibre d’estil de l’empresa o institució per a la qual creen el text, les presents recomanacions i el sentit que tenen.</subfield>
   </datafield>
   <datafield ind2="0" ind1="0" tag="245">
      <subfield code="a">Criteris lingüístics per a textos corporatius de difusió general</subfield>
   </datafield>
</record></metadata></record></GetRecord></OAI-PMH>